000 00689cam a22002291 4500
001 sa 68017051
003 DLC
005 20260227112659.0
008 720418s1959 xx 000 0 ind
010 _asa 68017051
035 _a(OCoLC)287382
040 _aDLC
_cOAU
_dDLC
042 _apremarc
050 0 0 _aPK585.I5
_bS64
100 1 _aSoewondo, Hartini.
245 1 0 _aTatabahasa Sansekerta.
260 _aBandung,
_bDepartemen Pendidikan, Badan Kerdjasama Senat Mahasiswa F. K. I. P. Seluruh Indonesia
_c[1959?]
300 _a78, [8] p.
_c33 cm.
500 _aCover title.
500 _aIndonesian and Sanskrit (partly in Latin script)
650 0 _aSanskrit language
_xGrammar.
999 _c87490
_d87490